<?xml version="1.0" encoding="UTF-8"?>
<record
    xmlns:xsi="http://www.w3.org/2001/XMLSchema-instance"
    xsi:schemaLocation="http://www.loc.gov/MARC21/slim http://www.loc.gov/standards/marcxml/schema/MARC21slim.xsd"
    xmlns="http://www.loc.gov/MARC21/slim">

  <leader>00842cam a22002291  4500</leader>
  <controlfield tag="001">ne 68004126 </controlfield>
  <controlfield tag="003">DLC</controlfield>
  <controlfield tag="005">20260227111849.0</controlfield>
  <controlfield tag="008">710901s1968    ua       d    00010 eng  </controlfield>
  <datafield tag="010" ind1=" " ind2=" ">
    <subfield code="a">ne 68004126 //r83</subfield>
  </datafield>
  <datafield tag="025" ind1=" " ind2=" ">
    <subfield code="a">PL480:UAR-9227</subfield>
  </datafield>
  <datafield tag="041" ind1="0" ind2=" ">
    <subfield code="a">engmul</subfield>
  </datafield>
  <datafield tag="050" ind1="0" ind2=" ">
    <subfield code="a">HF1002</subfield>
    <subfield code="b">.A15</subfield>
  </datafield>
  <datafield tag="100" ind1="2" ind2="0">
    <subfield code="a">&#x2BB;Abd al-R&#x101;ziq, Jam&#x101;l al-D&#x12B;n.</subfield>
  </datafield>
  <datafield tag="245" ind1="1" ind2="4">
    <subfield code="a">The commercial, economic &amp; political dictionary</subfield>
    <subfield code="b">&amp; self-educator, English-French-Arabic. [al-Q&#x101;m&#x16B;s al-tij&#x101;r&#x12B; al-iqti&#x1E63;adi, al-siy&#x101;s&#x12B;, Injiliz&#x12B;-Firins&#x12B;-&#x2BB;Arab&#x12B;.</subfield>
    <subfield code="c">[ta&#x2BC;l&#x12B;f] Jam&#x101;l al-D&#x12B;n &#x2BB;Abd al-R&#x101;ziq]</subfield>
  </datafield>
  <datafield tag="260" ind1="0" ind2=" ">
    <subfield code="a">[[al-Q&#x101;hirah]</subfield>
    <subfield code="b">D&#x101;r al-Hin&#x101; lil-Tib&#x101;&#x2BB;ah]</subfield>
    <subfield code="c">1968]</subfield>
  </datafield>
  <datafield tag="300" ind1=" " ind2=" ">
    <subfield code="a">223 p.</subfield>
    <subfield code="c">21 cm.</subfield>
  </datafield>
  <datafield tag="350" ind1=" " ind2=" ">
    <subfield code="a">&#xA3;E1.00</subfield>
  </datafield>
  <datafield tag="650" ind1=" " ind2="0">
    <subfield code="a">Economics</subfield>
    <subfield code="x">Dictionaries</subfield>
    <subfield code="x">Polyglot.</subfield>
  </datafield>
  <datafield tag="650" ind1=" " ind2="0">
    <subfield code="a">Arabic language</subfield>
    <subfield code="x">Dictionaries</subfield>
    <subfield code="x">Polyglot.</subfield>
  </datafield>
  <datafield tag="740" ind1="0" ind2="1">
    <subfield code="a">Q&#x101;m&#x16B;s al-tij&#x101;r&#x12B;.</subfield>
  </datafield>
  <datafield tag="999" ind1=" " ind2=" ">
    <subfield code="c">50943</subfield>
    <subfield code="d">50943</subfield>
  </datafield>
</record>
